00688nam a2200229 a 450000100060000000300080000600500170001400800410003102000150007202000150008703500190010204000350012104100080015608200260016410000220019024500830021226000500029530000240034550400500036965000140041970000250043358973BD-RjUL20211209080659.0161220s1970 cau 000 0 eng  a0804707278 a0804710856 a(BD-RjUL)59097 aBD-RjULbengcBD-RjULdBD-RjUL aeng04a335.437223bDAP 19701 aDallin, Alexander10aPolitical Terror in Communist Systems /cAlexander Dallin, George W. Breslauer aPalo Alto :bStanford University Press,c1970 axi, 172 p. ;c20 cm aIncludes Bibliographical References and Index aCommunist1 aBreslauer, George W.